40 juegos para la expresión corporal : (Record no. 186574)

MARC details
000 -CABECERA
campo de control de longitud fija 00837nam a2200253 u 4500
005 - FECHA Y HORA DE LA ÚLTIMA TRANSACCIÓN
campo de control 20230706063523.0
008 - ELEMENTOS DE LONGITUD FIJA--INFORMACIÓN GENERAL
campo de control de longitud fija 161103s2012 es r 000 0 spa d
020 ## - NÚMERO INTERNACIONAL NORMALIZADO PARA LIBROS
Número Internacional Estándar del Libro 9788499212517
035 ## - NÚMERO DE CONTROL DEL SISTEMA
Número de control de sistema UPN01000214474
049 ## - COLECCIÓN
Colección CG
050 #4 - SIGNATURA TOPOGRÁFICA DE LA BIBLIOTECA DEL CONGRESO
Número de clasificación BF637 N6.6
Número de documento/Ítem V4.2
100 1# - ASIENTO PRINCIPAL--NOMBRE PERSONAL
Nombre de persona Venner, Anne-Marie
9 (RLIN) 40046
245 10 - MENCIÓN DE TÍTULO
Título 40 juegos para la expresión corporal :
Resto del título de 3 a 10 años /
Mención de responsabilidad, etc. Anne-Marie Venner ; tr. Xavier Moreno Julbe.
260 ## - PUBLICACIÓN, DISTRIBUCIÓN, ETC.
Lugar de publicación, distribución, etc. Barcelona, Esp. :
Nombre del editor, distribuidor, etc. Octaedro,
Fecha de publicación, distribución, etc. 2012.
300 ## - DESCRIPCIÓN FÍSICA
Extensión 100 p. :
Otras características físicas il.
440 #0 - MENCIÓN DE SERIE/ASIENTO SECUNDARIO--TÍTULO
Título Bolsillo.
Designación de volumen o secuencia 25.
Nombre de parte o sección de la obra Octaedro
534 ## - NOTA SOBRE LA VERSIÓN ORIGINAL
Frase introductoria Título original:
Mención de título del original 40 jeux pour l'expression corporelle á l'école
650 #4 - ASIENTO SECUNDARIO DE MATERIA - TERMINO TEMATICO
Término de materia o nombre geográfico como elemento de entrada LENGUAJE CORPORAL
9 (RLIN) 5509
650 #4 - ASIENTO SECUNDARIO DE MATERIA - TERMINO TEMATICO
Término de materia o nombre geográfico como elemento de entrada Comunicación no verbal en niños
9 (RLIN) 12760
650 #7 - ASIENTO SECUNDARIO DE MATERIA - TERMINO TEMATICO
Término de materia o nombre geográfico como elemento de entrada Estrategias educativas
Fuente del encabezamiento o término
9 (RLIN) 1510
905 ## - TIPO DE MATERIAL
Tipo de material Libro
Holdings
Estado de retiro Estado de pérdida Fuente del sistema de clasificación o colocación Estado dañado No para préstamo Código de colección Localización permanente Ubicación/localización actual Ubicación en estantería Fecha de adquisición Total de préstamos Clasificación Código de barras Fecha visto por última vez Fecha del último préstamo Número de copia Tipo de ítem Koha
    Library of Congress Classification     Colección General Bib. Gregorio Torres Quintero Bib. Gregorio Torres Quintero Planta baja 17/11/2023 3 BF637 N6.6 V4.2 315090 28/11/2023 17/11/2023 1 Libro
    Library of Congress Classification     Colección General Bib. Gregorio Torres Quintero Bib. Gregorio Torres Quintero Planta baja 14/11/2022 5 BF637 N6.6 V4.2 315089 22/11/2022 14/11/2022 1 Libro